<?xml version="1.0" encoding="UTF-8"?>
<record
    xmlns:xsi="http://www.w3.org/2001/XMLSchema-instance"
    xsi:schemaLocation="http://www.loc.gov/MARC21/slim http://www.loc.gov/standards/marcxml/schema/MARC21slim.xsd"
    xmlns="http://www.loc.gov/MARC21/slim">

  <leader>01453nam a2200373 a 4500</leader>
  <controlfield tag="001">59310</controlfield>
  <controlfield tag="003">CO-BoRNBP</controlfield>
  <controlfield tag="005">20251001214041.0</controlfield>
  <controlfield tag="007">ta</controlfield>
  <controlfield tag="008">190625s2017    cl a   gr     000 j spa d</controlfield>
  <datafield tag="020" ind1=" " ind2=" ">
    <subfield code="a">9789569304224</subfield>
  </datafield>
  <datafield tag="040" ind1=" " ind2=" ">
    <subfield code="a">CO-BoBLA </subfield>
    <subfield code="b">spa </subfield>
    <subfield code="c">CO-BoBLA</subfield>
  </datafield>
  <datafield tag="043" ind1=" " ind2=" ">
    <subfield code="a">s-cl---</subfield>
  </datafield>
  <datafield tag="082" ind1="0" ind2="4">
    <subfield code="a">Ch861.08 </subfield>
    <subfield code="b">S15m </subfield>
    <subfield code="2">19</subfield>
  </datafield>
  <datafield tag="111" ind1="2" ind2=" ">
    <subfield code="a">Santiago en 100 Palabras : Concurso (</subfield>
    <subfield code="d">2018 : </subfield>
    <subfield code="c">Santiago de Chile, Chile)</subfield>
    <subfield code="9">65213</subfield>
  </datafield>
  <datafield tag="245" ind1="1" ind2="4">
    <subfield code="a">Los mejores 100 cuentos de la XVI versi&#xF3;n del concurso Santiago en 100 palabras / </subfield>
    <subfield code="c">ilustraciones Igneo y Joel G&#xE1;lvez.</subfield>
  </datafield>
  <datafield tag="246" ind1="3" ind2="0">
    <subfield code="a">Los mejores cien cuentos de la XVI versi&#xF3;n del concurso Santiago en 100 Palabras</subfield>
  </datafield>
  <datafield tag="250" ind1=" " ind2=" ">
    <subfield code="a">Edici&#xF3;n Andr&#xE9;s Braithwaite.</subfield>
  </datafield>
  <datafield tag="264" ind1=" " ind2=" ">
    <subfield code="a">Santiago de Chile</subfield>
    <subfield code="b">fundaci&#xF3;n plagio</subfield>
    <subfield code="c">2020</subfield>
  </datafield>
  <datafield tag="300" ind1=" " ind2=" ">
    <subfield code="a">114 p&#xE1;ginas : </subfield>
    <subfield code="b">ilustraciones ; </subfield>
    <subfield code="c">11 cm.</subfield>
  </datafield>
  <datafield tag="336" ind1=" " ind2=" ">
    <subfield code="2">rdacontent</subfield>
    <subfield code="a">texto</subfield>
    <subfield code="b">txt</subfield>
  </datafield>
  <datafield tag="337" ind1=" " ind2=" ">
    <subfield code="2">rdamedia</subfield>
    <subfield code="a">sin mediaci&#xF3;n</subfield>
    <subfield code="b">n</subfield>
  </datafield>
  <datafield tag="338" ind1=" " ind2=" ">
    <subfield code="2">rdacarrier</subfield>
    <subfield code="a">volumen</subfield>
    <subfield code="b">nc</subfield>
  </datafield>
  <datafield tag="650" ind1=" " ind2="7">
    <subfield code="a">Cuentos chilenos</subfield>
    <subfield code="v"> Colecciones.</subfield>
    <subfield code="2">BLAAUTO</subfield>
    <subfield code="9">65214</subfield>
  </datafield>
  <datafield tag="650" ind1=" " ind2="7">
    <subfield code="a">Vida cotidiana.</subfield>
    <subfield code="v">Cuento.</subfield>
    <subfield code="2">BLAAUTO</subfield>
    <subfield code="9">43948</subfield>
  </datafield>
  <datafield tag="650" ind1=" " ind2="7">
    <subfield code="a">Noche</subfield>
    <subfield code="v"> Cuentos.</subfield>
    <subfield code="2">BLAAUTO</subfield>
    <subfield code="9">61263</subfield>
  </datafield>
  <datafield tag="651" ind1=" " ind2="7">
    <subfield code="a">Santiago (Chile)</subfield>
    <subfield code="x"> Descripci&#xF3;n</subfield>
    <subfield code="v"> Cuentos.</subfield>
    <subfield code="9">65215</subfield>
  </datafield>
  <datafield tag="651" ind1=" " ind2="7">
    <subfield code="a">Santiago (Chile)</subfield>
    <subfield code="x"> Vida social y costumbres</subfield>
    <subfield code="v"> Cuentos.</subfield>
    <subfield code="9">65216</subfield>
  </datafield>
  <datafield tag="700" ind1="0" ind2=" ">
    <subfield code="a">Igneo,</subfield>
    <subfield code="e">ilustrador.</subfield>
    <subfield code="9">65217</subfield>
  </datafield>
  <datafield tag="700" ind1="1" ind2=" ">
    <subfield code="a">G&#xE1;lvez, Joel,</subfield>
    <subfield code="e">ilustrador.</subfield>
    <subfield code="9">65218</subfield>
  </datafield>
  <datafield tag="700" ind1="1" ind2=" ">
    <subfield code="a">Braithwaite, Andr&#xE9;s,</subfield>
    <subfield code="e">editor.</subfield>
    <subfield code="9">65219</subfield>
  </datafield>
  <datafield tag="942" ind1=" " ind2=" ">
    <subfield code="2">ddc</subfield>
    <subfield code="c">BK</subfield>
  </datafield>
  <datafield tag="949" ind1=" " ind2=" ">
    <subfield code="a">n   </subfield>
    <subfield code="b">n</subfield>
  </datafield>
  <datafield tag="999" ind1=" " ind2=" ">
    <subfield code="c">59310</subfield>
    <subfield code="d">59310</subfield>
  </datafield>
  <datafield tag="952" ind1=" " ind2=" ">
    <subfield code="0">0</subfield>
    <subfield code="1">0</subfield>
    <subfield code="2">lcc</subfield>
    <subfield code="4">0</subfield>
    <subfield code="7">0</subfield>
    <subfield code="8">GEN</subfield>
    <subfield code="a">MESJUANI</subfield>
    <subfield code="b">MESJUANI</subfield>
    <subfield code="c">LIT</subfield>
    <subfield code="d">2025-10-01</subfield>
    <subfield code="l">0</subfield>
    <subfield code="o">C MEJ</subfield>
    <subfield code="p">SJU02385</subfield>
    <subfield code="r">2025-10-01 21:43:05</subfield>
    <subfield code="t">Ej.1</subfield>
    <subfield code="w">2025-10-01</subfield>
    <subfield code="y">BK</subfield>
  </datafield>
</record>
